|
|
|
|
| LEADER |
00000naa a2200000 a 4500 |
| 001 |
vtls011852248 |
| 003 |
SK-MaSNL |
| 005 |
20260302134438.0 |
| 008 |
210910|1999 xo |||||||||||||||||slo| |
| 015 |
|
|
|a SNBCL
|
| 035 |
|
|
|a (urnnbn)urn:nbn:sk:snk:ar-a0av4m
|
| 035 |
|
|
|a urn:nbn:sk:snk-aaw6z7
|
| 035 |
|
|
|a (uuid)39413806-8217-4346-9543-744bee3b8053
|
| 040 |
|
|
|a SNKBUCL
|b slo
|c SNKBUCL
|e AACR2
|
| 041 |
|
|
|a slo
|
| 044 |
|
|
|a xo
|c SK
|
| 100 |
1 |
|
|a Baroňák, Ivan,
|d 1955-
|4 aut
|9 90673
|
| 245 |
1 |
0 |
|a NEVEREJNÉ KOMUNIKAČNÉ SIETE A ATM TECHNOLÓGIA
|c Ivan Baroňák
|
| 336 |
|
|
|a text
|b txt
|c rdacontent
|
| 337 |
|
|
|a bez média
|b n
|c rdamedia
|
| 338 |
|
|
|a zväzok
|b nc
|c rdacarrier
|
| 655 |
|
7 |
|a články zo zborníkov
|2 snkbucl
|9 166140
|
| 773 |
0 |
|
|t Telekomunikácie '99
|d Bratislava : Dom techniky ZSVTS, 1999
|g S. 42-48
|z 8023304291
|
| 958 |
|
|
|a OND
|
| 958 |
|
|
|a article26
|
| 958 |
|
|
|a chapter
|
| 999 |
|
|
|c 1321908
|d 1323838
|